Word Ladder: Daily Grind Quiz Stats

 Plays Quiz Updated Jul 4, 2014

Support Sporcle.
Go Orange.
Score 0/13 Timer 01:00
1 Play Today
Clue 4-Letter Word % Correct
Ten yards gets your gridiron team a first oneDOWN
91%
All of this and no play makes Jack a dull boyWORK
89.6%
Stephen King's scary Children can be found in these fieldsCORN
86.4%
Partiers paint it redTOWN
86.4%
Place in Ireland synonymous with a stopperCORK
83.9%
Rip who played Agent Zed in 'Men in Black'TORN
79.2%
Partners of Tony OrlandoDAWN
74.8%
Place for Wayne Gretzky or Michelle KwanRINK
73.9%
Strategic board gameRISK
71.4%
Game show host MartindaleWINK
59.3%
A person dedicated to and specialized in a particular fieldWONK
50.6%
The opposite of the first rung, in terms of the dayDUSK
46.6%
US Secretary of State 1961-1969 DeanRUSK
45.2%

Today's Daily Dose

You're not logged in!

Compare scores with friends on all Sporcle quizzes.
OR
Log In

From the Vault

USE-less Presidents

by MSUKent

So... were any of these presidents actually useless?
Remove Ads.
Support Sporcle.
Get the best of Sporcle when you Go Orange. This ad-free experience offers more features, more stats, and more fun while also helping to support Sporcle. Thank you for becoming a member.

Show Comments

Extras

Top Quizzes Today


Score Distribution

Your Account Isn't Verified!

In order to create a playlist on Sporcle, you need to verify the email address you used during registration. Go to your Sporcle Settings to finish the process.

Report this User

Report this user for behavior that violates our Community Guidelines.

Details: